Chapman Library

An introduction to derivatives and risk management (Record no. 1261)

000 -LEADER
fixed length control field 00415nam a22001457a 4500
020 ## - INTERNATIONAL STANDARD BOOK NUMBER
ISBN 9781133190219
050 ## - LIBRARY OF CONGRESS CALL NUMBER
Classification number HG6024
100 ## - MAIN ENTRY--AUTHOR NAME
Personal name Change, Don M.
Personal name Brooks, Robert
245 ## - TITLE STATEMENT
Title An introduction to derivatives and risk management
250 ## - EDITION STATEMENT
Edition statement 9th edition
260 ## - PUBLICATION, DISTRIBUTION, ETC. (IMPRINT)
Place of publication Maron, Ohio
Name of publisher South-Western cengage
Year of publication 2013
300 ## - PHYSICAL DESCRIPTION
Number of Pages xvii, 657p.:, includes bibliographical references and index
942 ## - ADDED ENTRY ELEMENTS (KOHA)
Koha item type Books
Holdings
Koha item type Collection code Shelving location Accession Number Permanent Location Current Location Date acquired Full call number
BooksReferenceReference2177Chapman LibraryChapman Library2017-01-09HG6024cha


CSUC Chapman Library is a Koha Automated Library.


Contact us: library@csuc.edu.gh.